000 00347nam a2200133 a 4500
005 20140414093847.0
008 110223s19uu xx uuu eng d
050 _aVCD 550
_bINC 2006
245 _aAn inconvinient truth :
_bA global warming.
260 _aUSA :
_bParamount,
_c2006.
650 _aGlobal warming
942 _cAVM
999 _c109700
_d109700